Movies Quiz

Random Movies or Actor Quiz
Score 0/27 Timer 08:00
0 Plays Today
Year Movie % Correct
2002Resident Evil
78.3%
2001Lara Croft: Tomb Raider
76.6%
1994Street Fighter
73.8%
1993Super Mario Bros.
63.5%
2005Doom
62.7%
1995Mortal Kombat
58.2%
2008Max Payne
51.2%
2007Hitman
36.1%
2006BloodRayne
32.8%
2006Silent Hill
31.6%
2004Resident Evil: Apocalypse
29.1%
2005Alone in the Dark
23%
2007DOA: Dead or Alive
22.1%
2007Resident Evil: Extinction
20.9%
Year Movie % Correct
2003House of the Dead
19.3%
1994Double Dragon
19.3%
1997Mortal Kombat: Annihilation
18.4%
1999Pokemon: The First Movie
15.6%
1999Wing Commander
15.6%
2000Pokemon: The Movie 2000
13.1%
2003Lara Croft Tomb Raider: The Cradle of Life
12.7%
2009Street Fighter: The Legend of Chun-Li
12.3%
2001Final Fantasy: The Spirits Within
9.8%
2008In the Name of the King: A Dungeon Siege Tale
9%
2001Pokemon 3: The Movie
5.7%
2002Pokemon 4Ever
2.9%
2003Pokemon Heroes
2.5%
Remove Ads.
Support Sporcle.
Get the best of Sporcle when you Go Orange. This ad-free experience offers more features, more stats, and more fun while also helping to support Sporcle. Thank you for becoming a member.

You're not logged in!

Compare scores with friends on all Sporcle quizzes.
OR
Log In

Sporcle TV

Today on Sporcle TV


Watch our educational content, quiz creation guides, and fun videos on Sporcle TV.

Show Comments

Extras

Top Quizzes Today


Score Distribution

Paid Content

Your Account Isn't Verified!

In order to create a playlist on Sporcle, you need to verify the email address you used during registration. Go to your Sporcle Settings to finish the process.

Report this User

Report this user for behavior that violates our Community Guidelines.

Details: